|
|
|
|
| LEADER |
00000nas a2200000 a 4500 |
| 001 |
vtls010518649 |
| 003 |
SK-MaSNL |
| 005 |
20260228161457.0 |
| 008 |
130611u190u190uhu au| 5 0 b0slo c |
| 040 |
|
|
|a SNK
|b slo
|c SNK
|e AACR2
|
| 041 |
0 |
|
|a slo
|
| 044 |
|
|
|a hu
|c HU
|
| 072 |
|
7 |
|a 050
|x Seriálové publikácie. Periodiká
|2 konspekt
|
| 072 |
|
7 |
|a 636
|x Chov zvierat. Živočíšna výroba
|2 konspekt
|
| 072 |
|
7 |
|a 634
|x Ovocinárstvo
|2 konspekt
|
| 080 |
|
|
|a 638.2
|2 2001
|
| 080 |
|
|
|a 638
|2 2001
|
| 080 |
|
|
|a 634.1/.8
|2 2001
|
| 080 |
|
|
|a (035)
|2 2001
|
| 080 |
|
|
|a (059)
|2 2001
|
| 245 |
0 |
0 |
|a Hodvabnicky kalendár pre pestovateľov hodvábu na výrobný rok ...
|
| 246 |
1 |
3 |
|a Hodvabnicky kalendár
|
| 250 |
|
|
|a [Slovenské vyd.]
|
| 260 |
|
|
|a V Szegzárde
|b Uhorského kr. ministerstva orby Kraj. hodvabnícke dozorníctvo
|c 1901-1906
|f Franklin-Társulat
|
| 300 |
|
|
|a zv.
|c 20 cm
|
| 310 |
|
|
|a 1x ročne
|
| 500 |
|
|
|a Súčasťou názvu je označenie roku
|
| 500 |
|
|
|a Popis podľa: Roč. II (1901/1902)
|
| 650 |
0 |
7 |
|a hodvábnictvo
|2 SNKPH
|9 66847
|
| 650 |
0 |
7 |
|a Sericulture
|2 SNKPHeng
|9 268688
|
| 650 |
0 |
7 |
|a chov hmyzu
|2 SNKPH
|9 74456
|
| 650 |
0 |
7 |
|a Insects breeding
|2 SNKPHeng
|9 268689
|
| 650 |
0 |
7 |
|a Fruit-culture
|2 SNKPHeng
|9 268690
|
| 650 |
0 |
7 |
|a pestovanie ovocných rastlín
|2 SNKPH
|9 58914
|
| 655 |
|
7 |
|a príručky
|2 SNKPH
|9 74364
|
| 655 |
|
7 |
|a textové kalendáre
|2 SNKPH
|9 60816
|
| 655 |
|
7 |
|a Text calendars
|2 SNKPHeng
|9 265087
|
| 655 |
|
7 |
|a Handbooks, manuals, etc.
|2 SNKPHeng
|9 90964
|
| 710 |
2 |
|
|a Uhorské kráľovské ministerstvo orby.
|b Krajské hodvabnícke dozorníctvo (Szegzárd, Uhorsko)
|4 pbl
|9 268691
|
| 752 |
|
|
|a Uhorsko
|d Szegzárd
|
| 910 |
|
|
|a snk
|
| 999 |
|
|
|c 5491
|d 7421
|
| 952 |
|
|
|0 0
|1 0
|4 0
|7 0
|a SNK
|b SNK
|d 2013-06-11
|i snk1374/27
|l 0
|o snkČSD 10/2/1901-1902
|p 17A0866839
|r 2026-02-21 20:13:29
|w 2026-02-21
|y PREZ
|
| 952 |
|
|
|0 0
|1 0
|4 0
|7 0
|a SNK
|b SNK
|d 2013-06-11
|l 0
|o snkČSD 10/3/1902-1903
|p 17A0866840
|r 2026-02-21 20:13:30
|w 2026-02-21
|y PREZ
|